3. internationale Tagung „Sprachliche Säkularisierung - Semantik und Pragmatik“
| Titel: | 3. internationale Tagung „Sprachliche Säkularisierung - Semantik und Pragmatik“ : (Berlin, 11.-14. November 2013) / Luiza Apolonia Miniszewska |
|---|---|
| Verfasser: | |
| In: |
Zeitschrift für Slawistik, Band 59, Heft 1 (2014), Seite 117-122 alle Artikel anzeigen |
| Veröffentlicht: | 2014 |
| Format: | Aufsatz |
| Sprache: | Deutsch |
X
alg: 42654986 001A $03025:20-02-18 001B $06050:24-06-21 $t10:06:05.000 001C $03025:20-02-18 $t12:41:19.000 001D $03025:20-02-18 001U $0utf8 001X $00 002@ $0Oou 002C $aText $btxt $2rdacontent 002D $aComputermedien $bc $2rdamedia 002E $aOnline-Ressource $bcr $2rdacarrier 003@ $0426549864 004P $010.1515/slaw-2014-0009 007A $0426549864 $aHEB 010@ $ager 010E $erda 011@ $a2014 021A $a3. internationale Tagung „Sprachliche Säkularisierung - Semantik und Pragmatik“ $d(Berlin, 11.-14. November 2013) $hLuiza Apolonia Miniszewska 028A $BVerfasser $4aut $7 $8Miniszewska, Luiza Apolonia [Tnd] $9426549856 031A $d59 $e1 $h117-122 $j2014 039B $aEnthalten in $8--Obvc--. Zeitschrift für Slawistik. - Berlin : De Gruyter, 1956-. - Online-Ressource. - ISSN 2196-7016 $x201400000590001883 $9201613530 044K $RKongress $#Tagungsbericht $#Kongressschrift $74196709-4 $8Kongressbericht [Ts1] $9085988111 044K $#Language and languages $#Langage et langues $#Sprachen $74056449-6 $8Sprache [Ts1] $9085157090 045T $a7,41 045T $aSLAW $qDE-1a $2FID lok: 42654986 78 exp: 42654986 78 1 #EPN 201B/01 $020-02-18 $t12:40:35.000 201C/01 $020-02-18 201U/01 $0utf8 203@/01 $01018344519 208@/01 $a20-02-18 $be 209A/01 $a/ $f000 $x00 209A/01 $ab*p $x01 220C/01 $apgar 244Z/01 $#Ostmitteleuropa $#Ostmitteleuropa $#Mitteleuropa, Ost $#Central Europe Ostmitteleuropa $#Mittelosteuropa $74075753-5 $8--Tg1--Ostmitteleuropa $x01 $9085214485 244Z/01 $#Generalgouvernement Polen $#Polska $#Rzeczpospolita Polska $#Polska Rzeczpospolita Ludowa $#Poland $#Pologne $#République Polonaise $#Generalne Gubernatorstwo w Polsce $#Polish People's Republic $#Polska Rzeczpospolita Polen $#PRL $#RP $#Polen Generalgouvernement $#Polska Generalgouvernement $#Besetzte Polnische Gebiete $#Besetztes Gebiet in Polen $#Okupowane Polskie Obszary $#Obszary Okupowane w Polsce $#Volksrepublik Polen $#Polska Rosyjska $#Republic Polen $#Respublika Pol'ša $#Pol'skaja Narodnaja Respublika $#République de Pologne $#Polen Links der Weichsel $#Polska po Lewej Stronie Wisły $#Lenkija $#Polija $#Gubernija Carstva Pol'skago $#Republik Polen $74046496-9 $8--Tg1--Polen $x02 $9085129801 244Z/01 $#Böhmische Kronländer $#Länder der Böhmischen Krone $#Sudetenland $#Böhmen $#Mähren $#Mährisch-Schlesien $#Österreichisch-Schlesien $#Tschechische Sozialistische Republik Böhmische Länder $#Tschechei Böhmische Länder $#Země koruny české $74069573-6 $8--Tg1--Böhmische Länder $x03 $9085195553 244Z/01 $#Slowakei $#Slowakei $#Slowakische Republik $#Oberungarn $#Slovensko $#Slovenská Republika $#Slovenská SR $#SSR $#Slovakia $#Slovaquie $#Slovak Republic $#République Slovaque $#Slovenská Socialistická Republika $#Slowakische Sozialistische Republik $#Slovak Socialist Republic $#République Socialiste Slovaque $74055297-4 $8--Tg1--Slowakei $x04 $9085153834 247C/01 $82080>Marburg/Lahn, Herder-Institut, Forschungsbibliothek, Bibliographieportal $9336309341
| LEADER | 00000caa a2200000 c 4500 | ||
|---|---|---|---|
| 001 | 426549864 | ||
| 003 | DE-603 | ||
| 005 | 20210624100605.0 | ||
| 007 | cr|||||||||||| | ||
| 008 | 180220s2014 xx |||| o| u00||u|ger c | ||
| 024 | 7 | |a 10.1515/slaw-2014-0009 |2 doi | |
| 035 | |a (DE-599)HEB426549864 | ||
| 040 | |a DE-603 |b ger |c DE-603 |d DE-603 |e rda | ||
| 041 | |a ger | ||
| 084 | |a 7,41 |2 ssgn | ||
| 084 | |a SLAW |q DE-1a |2 fid | ||
| 100 | 1 | |a Miniszewska, Luiza Apolonia |e Verfasser |4 aut |0 (DE-603)426549856 | |
| 245 | 0 | 0 | |a 3. internationale Tagung „Sprachliche Säkularisierung - Semantik und Pragmatik“ |b (Berlin, 11.-14. November 2013) |c Luiza Apolonia Miniszewska |
| 264 | 0 | |c 2014 | |
| 336 | |a Text |b txt |2 rdacontent | ||
| 337 | |a Computermedien |b c |2 rdamedia | ||
| 338 | |a Online-Ressource |b cr |2 rdacarrier | ||
| 650 | 7 | |a Kongressbericht |0 (DE-588)4196709-4 |0 (DE-603)085988111 |2 gnd | |
| 650 | 7 | |a Sprache |0 (DE-588)4056449-6 |0 (DE-603)085157090 |2 gnd | |
| 773 | 0 | 8 | |i Enthalten in |t Zeitschrift für Slawistik |d Berlin : De Gruyter, 1956- |h Online-Ressource |x 2196-7016 |g Band 59, Heft 1 (2014), Seite 117-122 |w (DE-603)201613530 |w (DE-600)2434774-7 |
| 924 | 1 | |9 2080 |a (DE-603)1018344519 |b DE-2080 |c HES |d d |g / | |


